Finanční plánování v průmyslu

Gespeichert in:
Bibliographische Detailangaben
Format: Buch
Sprache:Tschechisch
Veröffentlicht: Praha : SNTL, 1980
Schlagworte:
Tags: Tag hinzufügen
Keine Tags, Fügen Sie das erste Tag hinzu!

MARC

LEADER 00000nam a22000003a 4500
001 stu36076
005 20150408180809.6
008 920521s1980----cs------------------cze-d
040 |a STU  |b slo 
041 0 |a cze 
044 |a cs 
080 |a 336.6 
245 |a Finanční plánování v průmyslu 
260 |a Praha :  |b SNTL,  |c 1980 
300 |a 171 s 
650 7 |a financie  |2 stusub 
650 7 |a plánovanie  |2 stusub 
996 |b 284M011585  |c M*6420-1  |l MMKN  |s A  |a 24  |w stu36076_0001 
996 |b 284M011584  |c M*6420-2  |l MMKN  |s A  |a 24  |w stu36076_0002